000 00853cad a22002055a 4500
001 L151366
008 101026s2010 xxk f 000 0 eng d
035 _a(Sirsi) u151366
041 0 _aeng
050 0 4 _a694.01 $2 18
110 2 _aUK Timber Frame Association
_95010
245 0 0 _aUK Timber Frame Association
_h[electronic resource]
260 _a[S.l.]
_bUKTFA
_c2009
520 _aThe UK Timber Frame Association (UKTFA) is the trade association representing over 85% of UK timber frame manufacturers; it is the primary source for all timber frame information for the construction industry, policy makers and the general public.
590 _aKA NTK
651 4 _aUnited Kingdom
_y
690 _aBUILT ENVIRONMENT-BUILDING MATERIALS-TIMBER
856 4 0 _uhttps://www.uktfa.com/
_z View the website free of charge at www.uktfa.com
942 _n0
999 _c120880
_d120880